ბათუმის შოთა რუსთაველის სახელმწიფო უნივერსიტეტის ბიბლიოთეკა

Певчие птицы:(ловля, содержание и наблюдение за ними в неволе) (ბიბ.ჩანაწერი № 45526)

000 -LEADER
fixed length control field 00686nam a2200205Ia 4500
001 - CONTROL NUMBER
control field 12351
003 - CONTROL NUMBER IDENTIFIER
control field GE_BSU
008 - FIXED-LENGTH DATA ELEMENTS--GENERAL INFORMATION
fixed length control field 181216s||||||||xx |||||||||||||| ||und||
040 ## - CATALOGING SOURCE
Transcribing agency GE_BSU
080 ## - UNIVERSAL DECIMAL CLASSIFICATION NUMBER
Universal Decimal Classification number 595
100 ## - MAIN ENTRY--PERSONAL NAME
Personal name Бёме,Л.Б.
245 ## - TITLE STATEMENT
Title Певчие птицы:(ловля, содержание и наблюдение за ними в неволе)
245 ## - TITLE STATEMENT
Statement of responsibility, etc. Ред.Е.П.Спангенберг
260 ## - PUBLICATION, DISTRIBUTION, ETC.
Place of publication, distribution, etc. Москва
260 ## - PUBLICATION, DISTRIBUTION, ETC.
Name of publisher, distributor, etc. Советская наука
260 ## - PUBLICATION, DISTRIBUTION, ETC.
Date of publication, distribution, etc. 1952
300 ## - PHYSICAL DESCRIPTION
Extent 263стр.илл.21см.
653 ## - INDEX TERM--UNCONTROLLED
Uncontrolled term Певчие птицы:(ловля, содержание и наблюдение за ними в неволе)
942 ## - ADDED ENTRY ELEMENTS (KOHA)
Koha item type წიგნი
ეგზემპლარები
Withdrawn status Lost status Damaged status Not for loan Date acquired Barcode Date last seen Price effective from Koha item type
        2018-12-17 20477 2018-12-17 2018-12-17 წიგნი